Normale Ansicht MARC-Ansicht ISBD

Il liberalismo in Italia e in Germania dalla rivoluzione del '48 alla prima guerra mondiale : (Titelsatznr. 7821)

[ MARC ]
MARC-Details
000 -Satzkennung
Kontrollfeld mit fester Länge 00690nam a22002051c 4500
001 - Kontrollnummer
Kontrollfeld a987684617
008 - Feld mit fester Länge zur physischen Beschreibung - Allgemeine Angaben
Kontrollfeld mit fester Länge 051017s1980 gw |||| 000u ger d
041 ## - Sprachcode
Sprachcode des Textes/der Tonspur oder des separaten Titels ger
040 ## - Katalogisierungsquelle
Übertragungsstelle RU-10907106
003 - Kontrollnummer Identifier
Kontrollfeld RU-10907106
245 03 - Titel
Titel Il liberalismo in Italia e in Germania dalla rivoluzione del '48 alla prima guerra mondiale :
Zusatz zum Titel (atti) /
Verfasserangabe etc. Rudolf Lill ; Nicola Matteucci [Hrsg.]
264 ## - Produktion, Veröffentlichung, Distribution, Herstellung und Urheberrechtsvermerk
Herstellungs-, Veröffentlichungs- Vertriebs-, Erzeugungsort Bologna :
Produzent, Herausgeber, Distributor, Hersteller Il Mulino,
Datum der Herstellung, der Veröffentlichung, des Vertriebs oder des Urheberschutzvermerks 1980
300 ## - Physische Beschreibung
Umfang 560 S.
490 #0 - Gesamttitelangabe
Gesamttitelangabe Annali dell'Istituto storico italo-germanico. Quaderno
Bandnummer/Folgebezeichnung 5
650 #0 - Nebeneintragung unter einem Schlagwort - Sachschlagwort
Sachschlagwort oder geografischer Name als Eintragungselement Italien <1848-1914>
650 #0 - Nebeneintragung unter einem Schlagwort - Sachschlagwort
Sachschlagwort oder geografischer Name als Eintragungselement Deutschland <1848-1914>
700 1# - Nebeneintragung - Personenname
Personenname Lill, Rudolf
Funktionsbezeichnung HerausgeberIn
700 1# - Nebeneintragung - Personenname
Personenname Matteucci, Nicola
Funktionsbezeichnung HerausgeberIn
942 ## - Zusätzliche Felder (Koha)
Koha-Medientyp Monographien
Exemplare
Ausgeschieden Verloren Klassifikation oder Aufstellungssystematik Beschädigt Nicht entleihbar Heimatbibliothek Aufenthaltsbibliothek Aufstellungsort Erwerbungsdatum Inventarnummer Signatur Barcode Letzte Aktivität Preis gültig von Koha-Medientyp
    Andere/Generische Klassifikation     MWN Osteuropa MWN Osteuropa Lesesaal - 1 17/10/2005 05-06462 W 54 D eh Lil E004015078F68CB9 22/02/2021 22/03/2021 Monographien